Riconosci il Pokémon - Quiz n°900 - Statistics

Statistiche generali
  • Questo quiz è stato fatto 2 volte
  • Il punteggio medio è 7 su 10
Statistiche sulle risposte
Indizio Risposta % Corretto
Tipo Coleottero / Folletto
100%
Abilità Mielincetta; Polvoscudo; Dolcevelo
100%
Stadio evoluzione Prima evoluzione
100%
Altezza 0,2 m; 0,4 m (Dominante)
50%
Peso 0,5 kg; 2,0 kg (Dominante)
50%
Sesso 50% ♂, 50% ♀
50%
Tasso di cattura 75 (17.5%)
50%
Tasso di allevamento Medio-Veloce
50%
Pokémon Ribombee
50%
Generazione Settima
50%
Nessun quiz corrispondente trovato
Distribuzione punteggi
Percentuale di utenti per punteggio
Percentile per numero di risposta
I tuoi punteggi nel tempo
Non hai fatto questo quiz